|
|
|
|
| LEADER |
00000ny a22000003n 4500 |
| 005 |
20110628114918.0 |
| 006 |
m u |
| 007 |
cr cn||||||||| |
| 008 |
200805r20052008sp |||||s|||||||||||spa d |
| 020 |
|
|
|a 9788476987339
|
| 035 |
|
|
|a 656
|
| 040 |
|
|
|a FlNmELB
|c FlNmELB
|d vLex
|
| 050 |
1 |
4 |
|a KKT869.4
|b M547 2005eb
|
| 080 |
|
|
|a 368.022:681.31(460)
|
| 090 |
|
|
|c 1158
|d 1158
|
| 100 |
1 |
|
|a Menňdez Mato, Juan Carlos
|
| 245 |
1 |
3 |
|a El contrato va̕ Internet
|h [Recurso electrn̤ico]
|c Juan Carlos Menňdez Mato; prologuista, Humberto Breccia
|
| 256 |
|
|
|a Servicio en ln̕ea
|
| 260 |
|
|
|a Barcelona :
|b BOSCH EDITOR,
|c 2005
|
| 300 |
|
|
|a 9-444 p
|
| 506 |
1 |
|
|a Contenido solo disponible en los productos indicados
|d vLex Global
|d vLex Global (Academic Edition, excluding Law Schools)
|d vLex Global (U.S. Academic Edition, Law Schools)
|d vLex Global (U.S. Academic Edition, excluding Law Schools)
|d vLex Global (Academic Edition, Law Schools)
|
| 650 |
0 |
7 |
|2 Tesauro vLex
|a Civil
|
| 650 |
0 |
7 |
|2 Tesauro vLex
|a Contratos
|
| 650 |
0 |
7 |
|2 Tesauro vLex
|a Forma del contrato
|
| 650 |
0 |
7 |
|2 Tesauro vLex
|a Contratacin̤ electrn̤ica
|
| 650 |
0 |
7 |
|2 Tesauro vLex
|a Redes de comunicacin̤
|
| 650 |
0 |
7 |
|2 Tesauro vLex
|a Contratacin̤ informt̀ica
|
| 700 |
1 |
|
|a Breccia, Humberto,
|e prol
|
| 740 |
0 |
|
|a vLex Libros (Servicios en ln̕ea)
|
| 856 |
4 |
0 |
|z Acceso restringido
|u http://vlex.com/source/656
|
| 942 |
|
|
|c BOOK
|